Monster Hunter Wilds - Große Monster - Statistiken

Allgemein
  • Dieses Quiz wurde 28 mal gespielt
  • Das Durchschnittsergebnis liegt bei 19 aus 31
Antwortstatistiken
Hint Antwort % Korrekt
Flugwyvern Rathalos
95%
Flugwyvern Rathian
95%
Flugwyvern Rey Dau
81%
Leviathan Uth Duna
81%
Cephalopod Nu Udra
76%
Semi-Ältester Gore Magala
71%
Konstrukt Wächter-Rathalos
71%
Amphibie Chatacabra
67%
Reißzahn-Bestie Doshaguma
67%
Leviathan (noch nicht im Game) Lagiacrus
67%
Temnoceran Lala Barina
67%
Flugwyvern Arkveld
62%
Leviathan Jin Dahaad
62%
Leviathan Mizutsune
62%
Konstrukt Wächter-Fulgur-Anjanath
62%
Konstrukt Wächter-Vulkan-Odogaron
57%
Flugwyvern Yian Kut-Ku
57%
Reißzahn-Bestie Congalala
52%
Temnoceran Nerscylla
52%
Konstrukt Wächter-Arkveld
52%
Konstrukt Wächter-Doshaguma
52%
Cephalopode Xu Wu
52%
Konstrukt Zoh Shia
52%
Reißzahn-Bestie Ajarakan
48%
Leviathan Balahara
48%
Vogelwyvern Gypceros
48%
Kampfwyvern Quematrice
48%
Kampfwyvern Rompopolo
48%
Reißzahn-Bestie Blangonga
43%
Flugwyvern Gravios
38%
Leviathan Hirabami
38%
Keine übereinstimmenden Quizze gefunden
Verteilung der Resultate
Anzahl Personen mit jedem Resultat
Perzentil nach korrekt beantworteten Fragen
Ihre Resultats-Entwicklung
Sie haben dieses Quiz noch nicht gespielt